000 00846nam a2200229Ia 4500
001 17608
003 GE_BSU
008 181216s||||||||xx |||||||||||||| ||und||
020 _aISBN 978-9941-9301-3-3
040 _cGE_BSU
245 _aსტრატეგიული მარკეტინგის საფუძვლები
245 _bსახელმძღვანელო
245 _cშემდგ. ვაჟა ანანიძე ; რედ. მ. კობალავა.
260 _aთბილისი
260 _bემ-პი-ჯი
260 _c2013
300 _a216 გვ, 20სმ.
300 _bბიბლიოგრ.: გვ. 216
653 _aეკონომიკა
653 _aმარკეტინგი - სახელმძღვანელოები
942 _cBK
999 _c50657
_d50657